000 00604nam a22001577a 4500
008 160712b xxu||||| |||| 00| 0 eng d
082 _22014
_aUT 0551
_bAl61
100 _911173
_aAlmacin, Aileen L.
245 _aDigos security training institute, Inc. website with online pre-enrollment/
_cAileen L. Almacin, Karen B. Villamor and Nestle L. Tagalog.
260 _aDigos City:
_bUMDC
_cNovember 2014.
300 _a101 pages;
_c29 pages;
650 0 _911172
_aInformation Tachnology
_xUndergradaute thesis.
700 _911170
_aVillamor, Karen B.
700 _911171
_aTagalog, Nestle L.
942 _2ddc
_cDRES
999 _c3352
_d3352